000 00923nam a2200253Ia 4500
003 OSt
005 20220923222205.0
006 a|||||r|||| 00| 0
007 ta
008 220922b |||||||| |||| 00| 0 hin d
020 _c8
024 _a203,700
037 _cTextual
040 _aARTS
_cARTS
_bhin
041 _2hin
_ahin
082 _aO157,3NGA,1, 152L6
100 _aगंगोपाध्याय, सुनील; सिद्धदेश, अनु.
_9166290
245 0 _aलहरों के बीच
246 _aLaharoan ke bīcha
260 _aदिल्ली
_b सस्ता साहित्य मंडल प्रका0
_c1976
650 _aबंगाली साहित्य
_9156264
942 _hO157,3NGA,1, 152L6
_cTEXL
_2CC
999 _c354450
_d354450